[Event "8th Arber Open"]
[Site "chess24.com"]
[Date "2019.07.28"]
[Round "2"]
[White "Schmid, Wolfgang"]
[Black "Heiduk, Christoph"]
[Result "1/2-1/2"]
[Board "23"]
[WhiteElo "2162"]
[WhiteTitle "FM"]
[WhiteCountry "GER"]
[WhiteFideId "4608046"]
[WhiteEloChange "-7"]
[BlackElo "1870"]
[BlackCountry "GER"]
[BlackFideId "12924520"]
[BlackEloChange "7"]

1. e4 {[%clk 1:30:57]} c5 {[%clk 1:30:55]} 2. Nf3 {[%clk 1:31:16]} Nc6 {[%clk
1:31:20]} 3. d4 {[%clk 1:31:34]} cxd4 {[%clk 1:31:45]} 4. Nxd4 {[%clk 1:31:54]}
e5 {[%clk 1:32:00]} 5. Nb5 {[%clk 1:30:49]} d6 {[%clk 1:32:23]} 6. N1c3 {[%clk
1:30:22]} a6 {[%clk 1:32:37]} 7. Na3 {[%clk 1:30:47]} Be7 {[%clk 1:32:30]} 8. Nd5
{[%clk 1:30:33]} f5 {[%clk 1:30:57]} 9. exf5 {[%clk 1:26:24]} Bxf5 {[%clk
1:31:01]} 10. Nc4 {[%clk 1:22:06]} b5 {[%clk 1:17:54]} 11. Nxe7 {[%clk 1:14:22]}
Kxe7 {[%clk 1:16:52]} 12. Bg5+ {[%clk 1:05:25]} Nf6 {[%clk 1:17:16]} 13. Ne3
{[%clk 1:04:29]} Be6 {[%clk 1:14:00]} 14. Be2 {[%clk 0:49:26]} d5 {[%clk
1:02:28]} 15. Bg4 {[%clk 0:39:23]} h5 {[%clk 0:36:00]} 16. Bxe6 {[%clk 0:27:52]}
Kxe6 {[%clk 0:36:14]} 17. Bxf6 {[%clk 0:27:24]} gxf6 {[%clk 0:36:25]} 18. Qf3
{[%clk 0:26:48]} Ne7 {[%clk 0:32:25]} 19. c3 {[%clk 0:25:07]} Qa5 {[%clk
0:31:08]} 20. O-O {[%clk 0:25:12]} Rad8 {[%clk 0:30:22]} 21. Rfd1 {[%clk
0:24:20]} Rd6 {[%clk 0:29:26]} 22. a3 {[%clk 0:24:16]} Qa4 {[%clk 0:25:50]} 23.
Rd2 {[%clk 0:21:23]} Qe4 {[%clk 0:25:09]} 24. Qxe4 {[%clk 0:20:33]} dxe4 {[%clk
0:25:38]} 25. Rxd6+ {[%clk 0:19:27]} Kxd6 {[%clk 0:26:07]} 26. Kf1 {[%clk
0:19:30]} Kc6 {[%clk 0:25:29]} 27. Ke2 {[%clk 0:18:42]} f5 {[%clk 0:25:21]} 28.
a4 {[%clk 0:17:26]} Kb6 {[%clk 0:20:06]} 29. axb5 {[%clk 0:15:31]} axb5 {[%clk
0:20:26]} 30. Rd1 {[%clk 0:14:48]} Kc6 {[%clk 0:19:06]} 31. c4 {[%clk 0:14:59]}
f4 {[%clk 0:16:47]} 32. cxb5+ {[%clk 0:13:47]} Kxb5 {[%clk 0:16:16]} 33. Nd5
{[%clk 0:14:01]} Nf5 {[%clk 0:15:48]} 34. Nc3+ {[%clk 0:14:16]} Kc4 {[%clk
0:15:56]} 35. Nxe4 {[%clk 0:12:52]} Nd4+ {[%clk 0:16:10]} 36. Ke1 {[%clk
0:10:52]} Rg8 {[%clk 0:15:51]} 37. g3 {[%clk 0:09:48]} Nf3+ {[%clk 0:14:31]} 38.
Ke2 {[%clk 0:10:05]} Nxh2 {[%clk 0:11:17]} 39. Rh1 {[%clk 0:09:32]} fxg3 {[%clk
0:10:48]} 40. fxg3 {[%clk 0:08:30]} Kd4 {[%clk 0:09:06]} 41. Nd2 {[%clk 0:04:36]}
Ng4 {[%clk 0:05:54]} 42. Rxh5 {[%clk 0:04:31]} e4 {[%clk 0:03:29]} 43. Rb5 {[%clk
0:23:27]} Nf6 {[%clk 0:33:21]} 44. Nf1 {[%clk 0:20:43]} Nd5 {[%clk 0:32:42]} 45.
Rb3 {[%clk 0:19:06]} Rc8 {[%clk 0:28:11]} 46. Kd2 {[%clk 0:17:18]} Rf8 {[%clk
0:27:23]} 47. Ke2 {[%clk 0:17:23]} Rc8 {[%clk 0:27:41]} 48. Kd2 {[%clk 0:15:47]}
Rf8 {[%clk 0:28:03]} 49. Ke2 {[%clk 0:15:47]} 1/2-1/2

[Event "8th Arber Open"]
[Site "chess24.com"]
[Date "2019.07.28"]
[Round "2"]
[White "McPherson, Elisha"]
[Black "Hoffmann, Tim"]
[Result "0-1"]
[Board "24"]
[WhiteElo "1705"]
[WhiteCountry "GER"]
[WhiteFideId "16255852"]
[WhiteEloChange "-2"]
[BlackElo "2147"]
[BlackCountry "GER"]
[BlackFideId "12900338"]
[BlackEloChange "2"]

1. e4 {[%clk 1:23:42]} c5 {[%clk 1:30:01]} 2. Nc3 {[%clk 1:24:05]} d6 {[%clk
8:49:21]} 3. f4 {[%clk 1:24:17]} g6 {[%clk 1:29:06]} 4. Nf3 {[%clk 1:24:38]} Bg7
{[%clk 1:29:25]} 5. Bb5+ {[%clk 1:25:01]} Bd7 {[%clk 1:29:17]} 6. Bc4 {[%clk
1:24:19]} Nc6 {[%clk 1:28:49]} 7. d3 {[%clk 1:24:06]} e6 {[%clk 1:28:05]} 8. Be3
{[%clk 1:24:19]} Nge7 {[%clk 1:23:54]} 9. d4 {[%clk 1:19:20]} Qa5 {[%clk
1:18:06]} 10. Qd2 {[%clk 0:56:00]} Qb4 {[%clk 1:08:23]} 11. Nb5 {[%clk 0:46:17]}
O-O {[%clk 1:01:37]} 12. Qxb4 {[%clk 0:17:54]} Nxb4 {[%clk 1:02:01]} 13. O-O-O
{[%clk 0:18:08]} Bxb5 {[%clk 0:58:46]} 14. Bxb5 {[%clk 0:18:36]} a6 {[%clk
0:55:27]} 15. Be2 {[%clk 0:16:06]} cxd4 {[%clk 0:55:17]} 16. Bxd4 {[%clk
0:16:25]} Rfd8 {[%clk 0:54:17]} 17. Bxg7 {[%clk 0:16:05]} Kxg7 {[%clk 0:53:56]}
18. Kb1 {[%clk 0:15:41]} d5 {[%clk 0:53:53]} 19. a3 {[%clk 0:13:22]} Nbc6 {[%clk
0:53:36]} 20. e5 {[%clk 0:13:50]} b5 {[%clk 0:52:49]} 21. g4 {[%clk 0:11:52]} Rf8
{[%clk 0:50:29]} 22. Rhf1 {[%clk 0:10:45]} f6 {[%clk 0:49:51]} 23. exf6+ {[%clk
0:08:19]} Rxf6 {[%clk 0:50:15]} 24. Ng1 {[%clk 0:05:25]} Raf8 {[%clk 0:50:03]}
25. Nh3 {[%clk 0:05:54]} d4 {[%clk 0:47:46]} 26. Bf3 {[%clk 0:05:05]} e5 {[%clk
0:47:47]} 27. c3 {[%clk 0:03:17]} Rd6 {[%clk 0:34:59]} 28. Bxc6 {[%clk 0:01:32]}
Nxc6 {[%clk 0:35:23]} 29. fxe5 {[%clk 0:01:49]} Rxf1 {[%clk 0:35:41]} 30. Rxf1
{[%clk 0:02:17]} Nxe5 {[%clk 0:36:00]} 31. cxd4 {[%clk 0:00:38]} Nxg4 {[%clk
0:35:54]} 32. Rf4 {[%clk 0:00:48]} Nxh2 {[%clk 0:35:06]} 33. Kc2 {[%clk 0:00:47]}
h5 {[%clk 0:34:57]} 34. Ng5 {[%clk 0:00:37]} Ng4 {[%clk 0:34:37]} 35. Kd3 {[%clk
0:00:35]} Rf6 {[%clk 0:34:29]} 36. Ke4 {[%clk 0:30:59]} Nf2+ {[%clk 1:04:58]} 37.
Kf3 {[%clk 0:31:27]} Rxf4+ {[%clk 1:04:58]} 38. Kxf4 {[%clk 0:31:27]} Nd3+ {[%clk
1:04:58]} 39. Ke4 {[%clk 0:31:27]} Nxb2 {[%clk 1:04:55]} 40. Ne6+ {[%clk
0:32:20]} Kf6 {[%clk 1:04:49]} 41. Nc7 {[%clk 0:32:49]} Nc4 {[%clk 1:04:45]} 42.
Nxa6 {[%clk 0:33:01]} Nxa3 {[%clk 1:04:57]} 43. d5 {[%clk 0:32:46]} Nc4 {[%clk
1:04:47]} 44. Nc5 {[%clk 0:32:10]} g5 {[%clk 1:04:39]} 45. Nd7+ {[%clk 0:31:14]}
Ke7 {[%clk 1:05:02]} 46. Nc5 {[%clk 0:31:17]} h4 {[%clk 1:05:00]} 47. Ne6 {[%clk
0:31:35]} g4 {[%clk 1:04:59]} 48. Kf4 {[%clk 0:31:48]} g3 {[%clk 1:05:05]} 49.
Kf3 {[%clk 0:32:12]} b4 {[%clk 1:05:00]} 50. Nd4 {[%clk 0:29:32]} Nd2+ {[%clk
1:04:46]} 51. Kg2 {[%clk 0:29:14]} b3 {[%clk 1:04:46]} 52. Nf5+ {[%clk 0:29:26]}
Kd7 {[%clk 1:05:07]} 53. Nxh4 {[%clk 0:29:41]} b2 {[%clk 1:05:26]} 54. Kxg3
{[%clk 0:30:01]} b1Q {[%clk 1:05:47]} 55. Kf2 {[%clk 0:29:32]} Qe4 {[%clk
1:05:38]} 56. Ng2 {[%clk 0:29:27]} Qf3+ {[%clk 1:05:44]} 57. Kg1 {[%clk 0:29:44]}
Qg3 {[%clk 1:05:28]} 58. d6 {[%clk 0:29:54]} Nf3+ {[%clk 1:05:48]} 59. Kf1 {[%clk
0:30:22]} Kxd6 {[%clk 1:04:58]} 60. Nh4 {[%clk 0:29:43]} Nxh4 {[%clk 1:05:06]}
0-1

[Event "8th Arber Open"]
[Site "chess24.com"]
[Date "2019.07.28"]
[Round "2"]
[White "Fauth, Dietmar, Dr."]
[Black "Gajewski, Richard"]
[Result "1-0"]
[Board "25"]
[WhiteElo "2122"]
[WhiteCountry "GER"]
[WhiteFideId "4629795"]
[WhiteEloChange "2"]
[BlackElo "1690"]
[BlackCountry "GER"]
[BlackFideId "24602507"]
[BlackEloChange "-2"]

1. e4 {[%clk 1:30:51]} e6 {[%clk 1:30:40]} 2. d4 {[%clk 1:31:06]} Be7 {[%clk
1:31:16]} 3. Bd3 {[%clk 1:25:24]} h6 {[%clk 1:31:16]} 4. f4 {[%clk 1:17:30]} b6
{[%clk 1:25:16]} 5. Nf3 {[%clk 1:14:09]} d6 {[%clk 1:16:14]} 6. Qe2 {[%clk
1:09:21]} Bb7 {[%clk 1:16:15]} 7. c4 {[%clk 1:08:52]} Nd7 {[%clk 1:12:21]} 8. Nc3
{[%clk 1:07:48]} a6 {[%clk 1:09:19]} 9. Bd2 {[%clk 1:00:47]} g5 {[%clk 1:02:31]}
10. O-O-O {[%clk 1:00:47]} gxf4 {[%clk 1:02:59]} 11. Bxf4 {[%clk 1:00:37]} Bg5
{[%clk 1:02:59]} 12. Nxg5 {[%clk 0:54:21]} hxg5 {[%clk 0:59:35]} 13. Bd2 {[%clk
0:43:40]} e5 {[%clk 0:52:57]} 14. Qf2 {[%clk 0:39:20]} Nh6 {[%clk 0:49:35]} 15.
Be2 {[%clk 0:32:33]} Qe7 {[%clk 0:48:34]} 16. Nd5 {[%clk 0:31:35]} Bxd5 {[%clk
0:33:28]} 17. cxd5 {[%clk 0:26:34]} Nf6 {[%clk 0:30:41]} 18. Bd3 {[%clk 0:22:31]}
Nd7 {[%clk 0:25:05]} 19. Kb1 {[%clk 0:22:41]} f6 {[%clk 0:23:50]} 20. Rc1 {[%clk
0:22:28]} Kd8 {[%clk 0:23:20]} 21. h4 {[%clk 0:13:11]} g4 {[%clk 0:17:44]} 22.
Rc3 {[%clk 0:10:16]} Ra7 {[%clk 0:15:06]} 23. Be3 {[%clk 0:09:42]} Qg7 {[%clk
0:14:45]} 24. Rf1 {[%clk 0:09:00]} g3 {[%clk 0:14:08]} 25. Qf3 {[%clk 0:07:55]}
Nf7 {[%clk 0:10:23]} 26. h5 {[%clk 0:08:17]} exd4 {[%clk 0:10:48]} 27. Bxd4
{[%clk 0:05:36]} Nfe5 {[%clk 0:10:57]} 28. Qe2 {[%clk 0:05:36]} Nxd3 {[%clk
0:10:57]} 29. Qxd3 {[%clk 0:05:10]} Rxh5 {[%clk 0:10:43]} 30. Qxg3 {[%clk
0:04:00]} Rg5 {[%clk 0:07:58]} 31. Qf3 {[%clk 0:04:00]} Ne5 {[%clk 0:08:21]} 32.
Qxf6+ {[%clk 0:03:45]} Qxf6 {[%clk 0:08:41]} 33. Rxf6 {[%clk 0:04:14]} Rxg2
{[%clk 0:07:55]} 34. Bxe5 {[%clk 0:04:36]} dxe5 {[%clk 0:07:55]} 35. Rf5 {[%clk
0:04:58]} Rg7 {[%clk 0:05:53]} 36. Rxe5 {[%clk 0:04:58]} Re7 {[%clk 0:06:29]} 37.
Rxe7 {[%clk 0:05:12]} Kxe7 {[%clk 0:04:46]} 38. Kc2 {[%clk 0:05:44]} Kd6 {[%clk
0:04:08]} 39. Rc6+ {[%clk 0:03:59]} Kd7 {[%clk 0:04:37]} 40. e5 {[%clk 0:03:51]}
Ra8 {[%clk 0:04:52]} 41. e6+ {[%clk 0:02:58]} Kd8 {[%clk 0:04:08]} 42. Kd3 {[%clk
0:02:10]} Rc8 {[%clk 0:04:00]} 43. Ke4 {[%clk 0:02:31]} Ke7 {[%clk 0:03:57]} 44.
Ke5 {[%clk 0:02:50]} a5 {[%clk 0:30:57]} 45. a4 {[%clk 0:27:50]} Kd8 {[%clk
0:28:07]} 46. Rc2 {[%clk 0:26:23]} Ke7 {[%clk 0:27:46]} 47. Rh2 {[%clk 0:26:23]}
Rf8 {[%clk 0:27:46]} 48. Rh7+ {[%clk 0:26:44]} Kd8 {[%clk 0:26:09]} 49. e7+
{[%clk 0:26:44]} 1-0

[Event "8th Arber Open"]
[Site "chess24.com"]
[Date "2019.07.28"]
[Round "2"]
[White "Merkl, Michael"]
[Black "Gruettner, Ralf"]
[Result "1/2-1/2"]
[Board "26"]
[WhiteElo "1548"]
[WhiteCountry "GER"]
[WhiteFideId "16245873"]
[WhiteEloChange "8"]
[BlackElo "2118"]
[BlackCountry "GER"]
[BlackFideId "4638158"]
[BlackEloChange "-8"]

1. e4 {[%clk 1:30:57]} e5 {[%clk 1:30:26]} 2. Nf3 {[%clk 1:31:05]} Nc6 {[%clk
1:30:38]} 3. Bc4 {[%clk 1:31:23]} Bc5 {[%clk 1:30:57]} 4. c3 {[%clk 1:31:43]} Nf6
{[%clk 1:31:09]} 5. d3 {[%clk 1:32:04]} d6 {[%clk 1:31:09]} 6. h3 {[%clk
1:32:08]} a6 {[%clk 1:30:23]} 7. Bb3 {[%clk 1:32:32]} Ba7 {[%clk 1:27:03]} 8.
Nbd2 {[%clk 1:32:46]} O-O {[%clk 1:27:03]} 9. Nf1 {[%clk 1:32:53]} d5 {[%clk
1:05:12]} 10. Qe2 {[%clk 1:32:56]} dxe4 {[%clk 1:04:04]} 11. dxe4 {[%clk
1:33:20]} Be6 {[%clk 0:53:49]} 12. Bxe6 {[%clk 1:23:41]} fxe6 {[%clk 0:51:54]}
13. Ng3 {[%clk 1:23:54]} Qe8 {[%clk 0:49:20]} 14. Be3 {[%clk 1:23:08]} Bxe3
{[%clk 0:37:45]} 15. Qxe3 {[%clk 1:23:28]} Rd8 {[%clk 0:37:27]} 16. O-O {[%clk
1:19:04]} Qe7 {[%clk 0:31:35]} 17. Rad1 {[%clk 1:15:03]} Rd6 {[%clk 0:31:05]} 18.
Rd2 {[%clk 1:09:03]} Rxd2 {[%clk 0:25:47]} 19. Qxd2 {[%clk 1:07:19]} h6 {[%clk
0:20:33]} 20. Rd1 {[%clk 1:03:05]} Kh7 {[%clk 0:19:38]} 21. Qe3 {[%clk 0:55:47]}
Rd8 {[%clk 0:14:25]} 22. Rxd8 {[%clk 0:54:54]} Qxd8 {[%clk 0:14:51]} 23. Qd2
{[%clk 0:54:45]} Qe7 {[%clk 0:10:01]} 24. Qd3 {[%clk 0:50:37]} Nd7 {[%clk
0:08:27]} 25. b4 {[%clk 0:50:19]} Qd6 {[%clk 0:05:31]} 26. Ne1 {[%clk 0:49:33]}
Kg6 {[%clk 0:04:26]} 27. Nf1 {[%clk 0:47:31]} Qxd3 {[%clk 0:04:16]} 28. Nxd3
{[%clk 0:47:51]} Kf6 {[%clk 0:03:36]} 29. Ne3 {[%clk 0:47:04]} Ke7 {[%clk
0:01:57]} 30. Kf1 {[%clk 0:43:13]} Nd8 {[%clk 0:01:24]} 31. Ke2 {[%clk 0:38:28]}
Nf7 {[%clk 0:01:07]} 32. f3 {[%clk 0:37:16]} Nd6 {[%clk 0:01:16]} 33. Kd2 {[%clk
0:26:41]} b6 {[%clk 0:00:51]} 34. Nb2 {[%clk 0:23:07]} c5 {[%clk 0:00:40]} 35.
Nbc4 {[%clk 0:22:54]} cxb4 {[%clk 0:00:39]} 36. cxb4 {[%clk 0:23:12]} Nxc4+
{[%clk 0:01:01]} 37. Nxc4 {[%clk 0:23:32]} b5 {[%clk 0:00:42]} 38. Na5 {[%clk
0:23:32]} 1/2-1/2

[Event "8th Arber Open"]
[Site "chess24.com"]
[Date "2019.07.28"]
[Round "2"]
[White "Zepke, Armin"]
[Black "Krauss, Andreas"]
[Result "1/2-1/2"]
[Board "27"]
[WhiteElo "2122"]
[WhiteTeam "SC Bayerwald"]
[WhiteCountry "GER"]
[WhiteFideId "24678465"]
[WhiteEloChange "-3"]
[BlackElo "1996"]
[BlackTeam "SV Deggendorf"]
[BlackCountry "GER"]
[BlackFideId "1270361"]
[BlackEloChange "3"]

1. d4 {[%clk 1:30:30]} d5 {[%clk 1:30:30]} 2. Bf4 {[%clk 1:30:30]} c5 {[%clk
1:30:30]} 3. e3 {[%clk 1:30:30]} e6 {[%clk 1:30:30]} 4. c3 {[%clk 1:30:30]} Nc6
{[%clk 1:30:30]} 5. Nd2 {[%clk 1:30:30]} Nf6 {[%clk 1:30:30]} 6. Bd3 {[%clk
1:30:30]} Bd6 {[%clk 1:30:30]} 7. Bg3 {[%clk 1:30:30]} O-O {[%clk 1:30:30]} 8.
Ngf3 {[%clk 1:30:30]} b6 {[%clk 1:30:30]} 9. Ne5 {[%clk 1:30:30]} Bb7 {[%clk
1:30:30]} 10. f4 {[%clk 1:30:30]} Nd7 {[%clk 1:30:30]} 11. O-O {[%clk 1:30:30]}
f5 {[%clk 1:30:30]} 12. Nxd7 {[%clk 1:30:30]} Qxd7 {[%clk 1:30:30]} 13. Bh4
{[%clk 1:30:30]} Ne7 {[%clk 1:30:30]} 14. Bxe7 {[%clk 1:30:30]} Qxe7 {[%clk
1:30:30]} 15. Nf3 {[%clk 1:30:30]} a5 {[%clk 1:30:30]} 16. Ne5 {[%clk 1:30:30]}
Bxe5 {[%clk 1:30:30]} 17. fxe5 {[%clk 1:30:30]} Ba6 {[%clk 1:30:30]} 18. Bxa6
{[%clk 1:30:30]} Rxa6 {[%clk 1:30:30]} 19. Qc2 {[%clk 1:30:30]} 1/2-1/2

[Event "8th Arber Open"]
[Site "chess24.com"]
[Date "2019.07.28"]
[Round "2"]
[White "Lenhard, Alexander"]
[Black "Fuchs, Michael"]
[Result "0-1"]
[Board "28"]
[WhiteElo "1546"]
[WhiteTeam "SV Deggendorf"]
[WhiteCountry "GER"]
[WhiteFideId "12905798"]
[WhiteEloChange "-2"]
[BlackElo "2114"]
[BlackTeam "DJK SF Haselbach"]
[BlackCountry "GER"]
[BlackFideId "4693949"]
[BlackEloChange "2"]

1. b4 {[%clk 1:30:30]} e5 {[%clk 1:30:30]} 2. Bb2 {[%clk 1:30:30]} Bxb4 {[%clk
1:30:30]} 3. Bxe5 {[%clk 1:30:30]} Nf6 {[%clk 1:30:30]} 4. Nf3 {[%clk 1:30:30]}
O-O {[%clk 1:30:30]} 5. e3 {[%clk 1:30:30]} Re8 {[%clk 1:30:30]} 6. Be2 {[%clk
1:30:30]} d5 {[%clk 1:30:30]} 7. Bb2 {[%clk 1:30:30]} c5 {[%clk 1:30:30]} 8. c4
{[%clk 1:30:30]} Nc6 {[%clk 1:30:30]} 9. O-O {[%clk 1:30:30]} d4 {[%clk 1:30:30]}
10. exd4 {[%clk 1:30:30]} cxd4 {[%clk 1:30:30]} 11. a3 {[%clk 1:30:30]} Ba5
{[%clk 1:30:30]} 12. Re1 {[%clk 1:30:30]} Bg4 {[%clk 1:30:30]} 13. h3 {[%clk
1:30:30]} Bh5 {[%clk 1:30:30]} 14. Qb3 {[%clk 1:30:30]} Bxf3 {[%clk 1:30:30]} 15.
Qxf3 {[%clk 1:30:30]} d3 {[%clk 1:30:30]} 16. Bxf6 {[%clk 1:30:30]} Qxf6 {[%clk
1:30:30]} 17. Qxd3 {[%clk 1:30:30]} Qxa1 {[%clk 1:30:30]} 18. Qd7 {[%clk
1:30:30]} Nd4 {[%clk 1:30:30]} 19. Qxb7 {[%clk 1:30:30]} Rab8 {[%clk 1:30:30]}
20. Qd7 {[%clk 1:30:30]} Rxe2 {[%clk 1:30:30]} 21. Rf1 {[%clk 1:30:30]} Ne6
{[%clk 1:30:30]} 22. Qxa7 {[%clk 1:30:30]} Rxb1 {[%clk 1:30:30]} 23. Qxa5 {[%clk
1:30:30]} Rxf1+ {[%clk 1:30:30]} 24. Kh2 {[%clk 1:30:30]} Qe5+ {[%clk 1:30:30]}
25. Qxe5 {[%clk 1:30:30]} Rxe5 {[%clk 1:30:30]} 26. c5 {[%clk 1:30:30]} Nxc5
{[%clk 1:30:30]} 27. d4 {[%clk 1:30:30]} Rd5 {[%clk 1:30:30]} 28. dxc5 {[%clk
1:30:30]} Rxc5 {[%clk 1:30:30]} 29. a4 {[%clk 1:30:30]} h5 {[%clk 1:30:30]} 30.
a5 {[%clk 1:30:30]} h4 {[%clk 1:30:30]} 31. g3 {[%clk 1:30:30]} Rxf2+ {[%clk
1:30:30]} 32. Kg1 {[%clk 1:30:30]} Ra2 {[%clk 1:30:30]} 33. gxh4 {[%clk 1:30:30]}
Rc1# {[%clk 1:30:30]} 0-1

[Event "8th Arber Open"]
[Site "chess24.com"]
[Date "2019.07.28"]
[Round "2"]
[White "Schmahl, Stephan"]
[Black "Hoffmann, Steffen"]
[Result "1-0"]
[Board "29"]
[WhiteElo "2101"]
[WhiteTeam "SC Bav. Regensburg"]
[WhiteCountry "GER"]
[WhiteFideId "4660498"]
[WhiteEloChange "2"]
[BlackElo "1426"]
[BlackTeam "SC NT N�rnberg"]
[BlackCountry "GER"]
[BlackFideId "12954578"]
[BlackEloChange "-2"]

1. d4 {[%clk 1:30:30]} d5 {[%clk 1:30:30]} 2. Nf3 {[%clk 1:30:30]} e6 {[%clk
1:30:30]} 3. g3 {[%clk 1:30:30]} Nf6 {[%clk 1:30:30]} 4. Bg2 {[%clk 1:30:30]}
Nbd7 {[%clk 1:30:30]} 5. O-O {[%clk 1:30:30]} b6 {[%clk 1:30:30]} 6. c4 {[%clk
1:30:30]} Bb7 {[%clk 1:30:30]} 7. cxd5 {[%clk 1:30:30]} Nxd5 {[%clk 1:30:30]} 8.
Re1 {[%clk 1:30:30]} Bb4 {[%clk 1:30:30]} 9. Bd2 {[%clk 1:30:30]} O-O {[%clk
1:30:30]} 10. e4 {[%clk 1:30:30]} Bxd2 {[%clk 1:30:30]} 11. Qxd2 {[%clk 1:30:30]}
Ne7 {[%clk 1:30:30]} 12. Nc3 {[%clk 1:30:30]} c5 {[%clk 1:30:30]} 13. Rad1 {[%clk
1:30:30]} Bc6 {[%clk 1:30:30]} 14. d5 {[%clk 1:30:30]} exd5 {[%clk 1:30:30]} 15.
exd5 {[%clk 1:30:30]} Bb7 {[%clk 1:30:30]} 16. Nh4 {[%clk 1:30:30]} Ng6 {[%clk
1:30:30]} 17. Nf5 {[%clk 1:30:30]} Qf6 {[%clk 1:30:30]} 18. Ne3 {[%clk 1:30:30]}
Nge5 {[%clk 1:30:30]} 19. f4 {[%clk 1:30:30]} Ng6 {[%clk 1:30:30]} 20. Ne4 {[%clk
1:30:30]} Qd8 {[%clk 1:30:30]} 21. Nd6 {[%clk 1:30:30]} Rb8 {[%clk 1:30:30]} 22.
Nef5 {[%clk 1:30:30]} h5 {[%clk 1:30:30]} 23. Nxb7 {[%clk 1:30:30]} Rxb7 {[%clk
1:30:30]} 24. d6 {[%clk 1:30:30]} Rb8 {[%clk 1:30:30]} 25. Ne7+ {[%clk 1:30:30]}
Nxe7 {[%clk 1:30:30]} 26. dxe7 {[%clk 1:30:30]} 1-0

[Event "8th Arber Open"]
[Site "chess24.com"]
[Date "2019.07.28"]
[Round "2"]
[White "Seifert, Nico"]
[Black "Bielmeier, Ludwig"]
[Result "0-1"]
[Board "30"]
[WhiteElo "1421"]
[WhiteTeam "Muldental W-H"]
[WhiteCountry "GER"]
[WhiteFideId "16258703"]
[WhiteEloChange "-2"]
[BlackElo "2083"]
[BlackTeam "SV Deggendorf"]
[BlackCountry "GER"]
[BlackFideId "4637984"]
[BlackEloChange "2"]

1. e4 {[%clk 1:30:30]} c6 {[%clk 1:30:30]} 2. d4 {[%clk 1:30:30]} d5 {[%clk
1:30:30]} 3. exd5 {[%clk 1:30:30]} cxd5 {[%clk 1:30:30]} 4. Nf3 {[%clk 1:30:30]}
Bg4 {[%clk 1:30:30]} 5. Bd2 {[%clk 1:30:30]} Nc6 {[%clk 1:30:30]} 6. c3 {[%clk
1:30:30]} Qb6 {[%clk 1:30:30]} 7. Qb3 {[%clk 1:30:30]} Qxb3 {[%clk 1:30:30]} 8.
axb3 {[%clk 1:30:30]} Bxf3 {[%clk 1:30:30]} 9. gxf3 {[%clk 1:30:30]} e6 {[%clk
1:30:30]} 10. Bb5 {[%clk 1:30:30]} Ne7 {[%clk 1:30:30]} 11. Bxc6+ {[%clk
1:30:30]} Nxc6 {[%clk 1:30:30]} 12. Bf4 {[%clk 1:30:30]} Be7 {[%clk 1:30:30]} 13.
Rg1 {[%clk 1:30:30]} O-O {[%clk 1:30:30]} 14. Bh6 {[%clk 1:30:30]} Bf6 {[%clk
1:30:30]} 15. Bg5 {[%clk 1:30:30]} Bxg5 {[%clk 1:30:30]} 16. Rxg5 {[%clk
1:30:30]} f6 {[%clk 1:30:30]} 17. Rg3 {[%clk 1:30:30]} e5 {[%clk 1:30:30]} 18.
dxe5 {[%clk 1:30:30]} fxe5 {[%clk 1:30:30]} 19. Nd2 {[%clk 1:30:30]} Rf7 {[%clk
1:30:30]} 20. O-O-O {[%clk 1:30:30]} Raf8 {[%clk 1:30:30]} 21. Rdg1 {[%clk
1:30:30]} Rc7 {[%clk 1:30:30]} 22. Kd1 {[%clk 1:30:30]} Rf6 {[%clk 1:30:30]} 23.
R1g2 {[%clk 1:30:30]} Kf8 {[%clk 1:30:30]} 24. Rg1 {[%clk 1:30:30]} Rcf7 {[%clk
1:30:30]} 25. R3g2 {[%clk 1:30:30]} g6 {[%clk 1:30:30]} 26. h3 {[%clk 1:30:30]}
Rf5 {[%clk 1:30:30]} 27. Rg5 {[%clk 1:30:30]} Ne7 {[%clk 1:30:30]} 28. Rxf5
{[%clk 1:30:30]} Rxf5 {[%clk 1:30:30]} 29. Rg4 {[%clk 1:30:30]} Ke8 {[%clk
1:30:30]} 30. Rh4 {[%clk 1:30:30]} h5 {[%clk 1:30:30]} 31. Ke2 {[%clk 1:30:30]}
Rf6 {[%clk 1:30:30]} 32. Ra4 {[%clk 1:30:30]} Nc6 {[%clk 1:30:30]} 33. Ra1 {[%clk
1:30:30]} Kf7 {[%clk 1:30:30]} 34. Rg1 {[%clk 1:30:30]} Rf4 {[%clk 1:30:30]} 35.
Rg3 {[%clk 1:30:30]} Ne7 {[%clk 1:30:30]} 36. Rg1 {[%clk 1:30:30]} Rh4 {[%clk
1:30:30]} 37. Rh1 {[%clk 1:30:30]} Nc6 {[%clk 1:30:30]} 38. Ke1 {[%clk 1:30:30]}
b5 {[%clk 1:30:30]} 39. Ke2 {[%clk 1:30:30]} a5 {[%clk 1:30:30]} 40. Ke1 {[%clk
1:30:30]} Ke6 {[%clk 1:30:30]} 41. Rg1 {[%clk 1:30:30]} Kf6 {[%clk 1:30:30]} 42.
Ke2 {[%clk 1:30:30]} Rxh3 {[%clk 1:30:30]} 43. Nf1 {[%clk 1:30:30]} Ne7 {[%clk
1:30:30]} 44. Ne3 {[%clk 1:30:30]} d4 {[%clk 1:30:30]} 45. cxd4 {[%clk 1:30:30]}
exd4 {[%clk 1:30:30]} 46. Nc2 {[%clk 1:30:30]} d3+ {[%clk 1:30:30]} 47. Kxd3
{[%clk 1:30:30]} Rxf3+ {[%clk 1:30:30]} 0-1